| 000 | 01453nam a2200361 i 4500 | ||
|---|---|---|---|
| 003 | EG-GICUC | ||
| 005 | 20260503174109.0 | ||
| 008 | 260503s2022 ua ||||f |||| 00| 0bara d | ||
| 017 | _a2022/8585 | ||
| 020 | _a9789779414102 | ||
| 040 |
_a EG-GICUC _bara _c EG-GICUC _d EG-GICUC _erda |
||
| 041 | 0 | _aara | |
| 082 | 0 | 4 |
_221 _a345.456 _bع ط . أ |
| 092 | 0 | 4 | _221 |
| 099 | _aLaw 1 07 345.456 ع ط . أ 2022 1 ed - 0704619 C1 | ||
| 100 | 0 |
_aعطية عبد المقصود عطية _eمؤلف. |
|
| 245 | 1 | 0 |
_aأصول وفنون التحقيق الإداري الداخلى فى الجهة الإدارية : _bبين النقض التشريعى والاجتهاد الفقهى والقضائى / _cتأليف الدكتور عطية عبد المقصود عطية. |
| 250 | _aالطبعة الأولى | ||
| 264 | 1 |
_aالقاهرة : _bدار النهضة العربية, _c2022. |
|
| 300 |
_a610 صفحة ؛ _c24 سم. |
||
| 336 |
_2rda content _atext |
||
| 337 |
_2rda media _aComputer |
||
| 338 |
_2rda carrier _aOnline Resource |
||
| 504 | _aيحتوي على ارجاعات ببليوجرافية | ||
| 504 | _aببليوجرافية صفحة : 591-604. | ||
| 546 | _aالنص باللغة العربية | ||
| 650 | 1 | 4 | _aالتحقيق الإداري |
| 650 | 1 | 4 | _aالقانون الإداري |
| 651 | 1 | _2qrmak | |
| 856 | 4 | 0 | _uhttps://fll.law.cu.edu.eg/fulltext/bks/B07-04619.pdf |
| 905 | _a164 | ||
| 942 |
_2ddc _cBK _e21 _n0 |
||
| 999 |
_c75298 _d75298 |
||